| 000 | 00627cam a22002171 4500 | ||
|---|---|---|---|
| 001 | sa 67000845 | ||
| 003 | DLC | ||
| 005 | 20260227112318.0 | ||
| 008 | 740123s1966 ii bd 000 0 eng | ||
| 010 | _asa 67000845 | ||
| 025 | _aPL480:I-E-7320 | ||
| 040 |
_aDLC _cDLC _dDLC |
||
| 050 | 0 | 0 |
_aHC437.G85 _bA517 |
| 082 | 0 | 0 | _a338.095475 |
| 110 | 1 |
_aGujarat (India). _bDirectorate of Industries. |
|
| 245 | 1 | 0 | _aIndustries in Gujarat: handbook of information. |
| 250 | _aRev. & enl. | ||
| 260 |
_aAhmedabad, _c1966. |
||
| 300 |
_av, 184 p. _bcharts. maps (part col. and fold) _c31 cm. |
||
| 650 | 0 |
_aIndustries _zIndia _zGujarat. |
|
| 999 |
_c72246 _d72246 |
||